Zelda Breath of the Wild - Personnages - Statistiques

Statistiques générales
  • Ce quiz a été pris 408 fois
    394 depuis la dernière actualisation
  • Le résultat moyen est 19 sur 440
Statistiques - réponses
Par images Réponse % Correct
Link
100%
Princesse Zelda
99%
Epona
83%
Terry
63%
Rhoam Bosphoramus Hyrule
52%
Revali
49%
Link Loup
48%
Mipha
47%
Urbosa
47%
Daruk
45%
Kilton
45%
Fléau Ganon
43%
Sidon
43%
Riju
41%
Impa
40%
Pru'ha
39%
Asarim
36%
Vénérable Arbre Mojo
36%
Yunobo
34%
Noïa
31%
Nedrac
30%
Ordrac
30%
Teba
29%
Le grand Kohga
28%
Rordrac
28%
Tera
27%
Alpha
24%
Babil
23%
Déesse Hylia
23%
Faras
23%
Madame Patricia
22%
Pahya
22%
Sérasieh
21%
Marlon
19%
Cotura
18%
Mijah
15%
Roi Dorefah
15%
Caesa
14%
Kaï
13%
Beterah
12%
Frobasieh
11%
Grosaillieh
11%
Canel
10%
Buldo
9%
Cherry
7%
Meryth
7%
Bourgette
6%
Kangis
6%
Vocah
6%
Coconoa
5%
Durann
5%
Harfor
5%
Pervieh
5%
Vivian
5%
Klavieh
4%
Kornuieh
4%
Satori
4%
Benjamin
3%
Dézelle
3%
Florette
3%
Guide Miz'Kyosia
3%
Hoz
3%
Lune
3%
Magda
3%
Nad
3%
Octavieh
3%
Pricota
3%
Quill
3%
Shantieh
3%
Statue du diable
3%
Alfine
2%
Aliza
2%
Amboise
2%
Aster
2%
Bah Nahna
2%
Baldinn
2%
Bambo
2%
Bérice
2%
Bok
2%
Bomgo
2%
Bongo
2%
Bouhlo
2%
Brihk
2%
Campo
2%
Citra
2%
Cottera
2%
Elle
2%
Étorpe
2%
Florène
2%
Jérine
2%
Klessol
2%
Kora
2%
Makus
2%
Mark
2%
Melo
2%
Opah
2%
Otroh
2%
Pico
2%
Radima
2%
Sébass
2%
Selmie
2%
Son
2%
Sophora
2%
Allium
1%
Almus
1%
Amarylli
1%
Annie
1%
Anseau
1%
Araj
1%
Areau
1%
Argose
1%
Auven
1%
Azahl
1%
Azasha
1%
Azettis
1%
Baih
1%
Baschua
1%
Benni
1%
Biazis
1%
Biscus
1%
Brasiera
1%
Brienn
1%
Bugri
1%
Byder
1%
Byrotan
1%
Cajou
1%
Caly
1%
Camailla
1%
Canni
1%
Capsi
1%
Carvach
1%
Cernus
1%
Cézam
1%
Charroh
1%
Chavie
1%
Cherisah
1%
Cherrola
1%
Chicorine
1%
Chuck
1%
Chuflor
1%
Cibline
1%
Cinehl
1%
Clévia
1%
Coquis
1%
Coria
1%
Cuirée
1%
Cumis
1%
Cycas
1%
Dahi
1%
Damia
1%
Danto
1%
Deza
1%
Dianel
1%
Domida
1%
Êchenn
1%
Edera
1%
Ekvis
1%
Elos
1%
Emireil
1%
Ephèdre
1%
Epicèle
1%
Erhêt
1%
Esamus
1%
Euptus
1%
Fanfa
1%
Fauvitt
1%
Filip
1%
Finn
1%
Fressah
1%
Fruguette
1%
Furosa
1%
Gachane
1%
Galsen
1%
Gama
1%
Gamène
1%
Gamyo
1%
Garadon
1%
Ghenkott
1%
Giroccho
1%
Glanis
1%
Gottah
1%
Goustan
1%
Gruve
1%
Guerlac
1%
Guiff
1%
Hamel
1%
Ibreauvor
1%
Jitato
1%
Jun
1%
Kabara
1%
Kann
1%
Kartham
1%
Kasah
1%
Kavatlin
1%
Kilou
1%
Klefah
1%
Kodah
1%
Kopad
1%
Koral
1%
Koryl
1%
Kuhis
1%
Kulinn
1%
Lariz
1%
Lava
1%
Lavrie
1%
Lhys
1%
Licoh
1%
Lirriz
1%
Lobstenn
1%
Mabbou
1%
Magnol
1%
Mahety
1%
Majeurie
1%
Makem
1%
Maneigor
1%
Marantih
1%
Mébol
1%
Meles
1%
Menaccly
1%
Meris
1%
Mero
1%
Merveila
1%
Migaro
1%
Millie
1%
Mogg
1%
Mohino
1%
Mohrtieh
1%
Molokhia
1%
Monquie
1%
Mordan
1%
Moza
1%
Musca
1%
Nagache
1%
Nah
1%
Narep
1%
Narep
1%
Narutel
1%
Naye
1%
Nazuri
1%
Neiro
1%
Nelsice
1%
Nelto
1%
Nip
1%
Nirva
1%
Nyon
1%
Œilla
1%
Ohmates
1%
Olive
1%
Onag
1%
Orestrech
1%
Oriace
1%
Ormillon
1%
Oudeau
1%
Ozille
1%
Pagol
1%
Papistus
1%
Paragus
1%
Parisse
1%
Paturi
1%
Pecanis
1%
Pemto
1%
Pihmène
1%
Pirou
1%
Pistou
1%
Plati
1%
Plèle
1%
Poiron
1%
Poréa
1%
Portorok
1%
Porupah
1%
Povia
1%
Pratue
1%
Prissène
1%
Remuse
1%
Ricelle
1%
Rigan
1%
Riselle
1%
Risou
1%
Roblico
1%
Rogorj
1%
Ron
1%
Roseillah
1%
Rouka
1%
Russel
1%
Sagesa
1%
Sarmet
1%
Saum
1%
Sépharo
1%
Seym
1%
Shamae
1%
Shimina
1%
Shysim
1%
Sibur
1%
Slaeda
1%
Soje
1%
Staille
1%
Surosse
1%
Tabaga
1%
Tabos
1%
Tacca
1%
Tainer
1%
Tainis
1%
Taol
1%
Telago
1%
Themen
1%
Thim
1%
Tholu
1%
Thorma
1%
Tiklama
1%
Tiron
1%
Tokach
1%
Triere
1%
Trott
1%
Tuska
1%
Uldon
1%
Uscade
1%
Varken
1%
Vator
1%
Vermilla
1%
Yam
1%
Yolel
1%
Zébaie
1%
Zininn
1%
Zinnia
1%
Zucchi
1%
Acassa
0%
Anassa
0%
Arassos
0%
Ariane
0%
Armis
0%
Aubarn
0%
Aubash
0%
Bacchyas
0%
Bagodet
0%
Bakhini
0%
Balley
0%
Beck
0%
Bégron
0%
Bergin
0%
Bohlinn
0%
Borodo
0%
Bourelle
0%
Brathan
0%
Caleb
0%
Calzo
0%
Chala
0%
Citek
0%
Coclie
0%
Corge
0%
Cornie
0%
Danaha
0%
Delflam
0%
Della
0%
Douveth
0%
Drosine
0%
Ébis
0%
Egrouss
0%
Éhong
0%
Érab
0%
Erzil
0%
Etrevis
0%
Exkah
0%
Fenouh
0%
Flahmi
0%
Forjann
0%
Frambra
0%
Fuhgo
0%
Gamagy
0%
Ghipa
0%
Godon
0%
Grukren
0%
Inelle
0%
Johgo
0%
Jolaine
0%
Junoh
0%
Kaifa
0%
Kajouah
0%
Kamaxor
0%
Kamis
0%
Konvoh
0%
Kuigri
0%
Kuiverl
0%
Labira
0%
Lamenn
0%
Lammech
0%
Landonn
0%
Lasto
0%
Lespe
0%
Linum
0%
Lobinn
0%
Lorelo
0%
Makma
0%
Malva
0%
Marisa
0%
Mécahn
0%
Mésa
0%
Monalie
0%
Mota
0%
Nufar
0%
Opar
0%
Pavah
0%
Pavro
0%
Peiffa
0%
Pelgo
0%
Perk
0%
Pikoro
0%
Pisanso
0%
Plame
0%
Pohrpi
0%
Pondo
0%
Pyroh
0%
Reks
0%
Remigon
0%
Renora
0%
Renou
0%
Rhodanth
0%
Rhodie
0%
Rhodo
0%
Rhodoni
0%
Rhubask
0%
Rolouro
0%
Romba
0%
Rorc
0%
Rubica
0%
Rucombe
0%
Savy
0%
Sélestie
0%
Seymon
0%
Solilès
0%
Suya
0%
Tabuma
0%
Taroc
0%
Tenn
0%
Theyer
0%
Tonjaga
0%
Tractop
0%
Ullare
0%
Ycla
0%
Zalbane
0%
Zannelle
0%
Aucun quiz correspondant
Distribution des résultats
% des personnes avec chaque résultat
Percentile par nombre de réponses
Votre historique - résultats
Vous n’avez pas pris ce quiz depuis la dernière actualisation